Govt. of
Madhya Pradesh

Systematic Bibliography (Record no. 34431)

MARC details
000 -LEADER
fixed length control field 004640000a22001810004500
003 - CONTROL NUMBER IDENTIFIER
control field MACL
005 - DATE AND TIME OF LATEST TRANSACTION
control field 20151227134615.0
008 - FIXED-LENGTH DATA ELEMENTS--GENERAL INFORMATION
fixed length control field 151227b xxu||||| |||| 00| 0 eng d
040 ## - CATALOGING SOURCE
Original cataloging agency MACL
Transcribing agency macl
041 ## - LANGUAGE CODE
Language code of text/sound track or separate title English
082 ## - DEWEY DECIMAL CLASSIFICATION NUMBER
Classification number 010/ROY
100 ## - MAIN ENTRY--PERSONAL NAME
Personal name Roy, Paul Mohan
9 (RLIN) 23233
245 ## - TITLE STATEMENT
Title Systematic Bibliography
Remainder of title An Introduction
260 ## - PUBLICATION, DISTRIBUTION, ETC. (IMPRINT)
Name of publisher, distributor, etc. Printwell Publishers
Date of publication, distribution, etc. 1984
Place of publication, distribution, etc. Jaipur
350 ## - PRICE (NR) (BK AM CF MU VM SE) [OBSOLETE]
Price 65
650 ## - SUBJECT ADDED ENTRY--TOPICAL TERM
Topical term or geographic name as entry element Bibliography
9 (RLIN) 15346
942 ## - ADDED ENTRY ELEMENTS (KOHA)
Koha item type Books
Call number prefix 010/ROY
Source of classification or shelving scheme
Holdings
Withdrawn status Lost status Source of classification or shelving scheme Damaged status Not for loan Home library Current library Date acquired Cost, normal purchase price Total Checkouts Full call number Barcode Date last seen Uniform Resource Identifier Price effective from Koha item type
          MACL MACL 15/04/2015 65.00   010/ROY BOOK CLE017437 29/04/2015 34635 15/04/2015 Books